| 000 | 01391nam0a2200337 4500 | ||
|---|---|---|---|
| 001 | RU\NLR\bibl\1269967 | ||
| 005 | 20260406140759.0 | ||
| 010 |
_a978-5-8189-1234-9 _97000 |
||
| 021 |
_aRU _b2008-53413 _92958 |
||
| 035 | _a(NLR Aleph) 001255850 | ||
| 090 |
_a348134 _c348134 |
||
| 100 | _a20080905d2008 |||y0rusy50 ca | ||
| 101 | 0 | _arus | |
| 102 | _aRU | ||
| 105 | _aa ||||||||| | ||
| 200 | 1 |
_aСобака Баскервилей _e[для младшего и среднего школьного возраста] _fАртур Конан-Дойль _gдля детей пересказал Ростислав Нестеров _g[худож. А. Остроменцкий] |
|
| 210 |
_aМосква _cГелеос _d2008 |
||
| 215 |
_a155, [1] с., [4] л. цв. ил. _cил. _d21 |
||
| 225 | 1 | _aМировая классика детям | |
| 686 | _aШ9(4Вл)60-4 | ||
| 686 | _aШ9(4Вл)62-4 | ||
| 700 | 1 |
_4070 _7ca _8rus _aДойл _bА. К. _f1859-1930 _gАртур Конан _9113265 _3RU\NLR\auth\773259 |
|
| 702 | 1 |
_4040 _7ca _8rus _aОстроменцкий _bА. _cхудожник _gАлексей _983980 _3RU\NLR\auth\77101054 |
|
| 702 | 1 |
_aНестеров _bР. _gРостислав _4010 |
|
| 801 | 0 |
_aRU _bNLR _c20080905 _gRCR |
|
| 801 | 1 |
_aRU _bNLR _c20080905 |
|
| 942 | _cBOOK | ||
| 980 | _aNB | ||